| 000 | 00964cam a2200241 4500 | ||
|---|---|---|---|
| 008 | 020301n2001 000 0 eng u | ||
| 020 | _a0632056061 | ||
| 035 | _a(Sirsi) u116935 | ||
| 041 | _aeng. | ||
| 050 | _a658.404 | ||
| 100 | _aRogers, M. | ||
| 245 | _aEngineering project appraisal | ||
| 260 |
_aOxford _bBlackwell _c2001 |
||
| 300 |
_axii,291p. _c25cm. |
||
| 350 | _a26.50 | ||
| 520 | _aProvides details on the evaluation techniques required to assess project plans and information on both economic and non-economic methods of project appraisal. Worked examples and case studies are given to illustrate the applicability of each set of techniques. The book is aimed at both students and practitioners involved in the area of engineering project planning. | ||
| 650 | _aPROJECT APPRAISAL | ||
| 650 | _aCIVIL ENGINEERS | ||
| 650 | _aDEVELOPMENT PROJECTS | ||
| 650 | _aECONOMIC ANALYSIS | ||
| 690 |
_aProject management _96261 |
||
| 942 | _n0 | ||
| 999 |
_c101926 _d101926 |
||